Statystyki dla Obszary wodno-błotne objęte Konwencją Ramsarską w Polsce

Kliknij tutaj aby rozwiązać quiz!

Ogólne statystyki

  • Ten quiz został rozwiązany 280 razy
  • Średni wynik to 8 z 13

Statystyki odpowiedzi

HintOdpowiedź% Poprawnych
6Biebrzański Park Narodowy
77%
1Jezioro Łuknajno
71%
3Słowiński Park Narodowy
68%
10Narwiański Park Narodowy
63%
11Wigierski Park Narodowy
62%
4Jezioro Karaś
58%
9Rezerwat Stawy Milickie
58%
5Park Narodowy Ujście Warty
57%
2Polesie Zachodnie
57%
12Jezioro Drużno
55%
7Jezioro Oświn
52%
8Rezerwat Świdwie
52%
13Subalpejskie torfowiska w Karkonoskim Parku Narodowym
35%

Rozkład punktacji

Percentyl według liczby udzielonych odpowiedzi

Procent ludzi z każdym wynikiem

Twoja historia wyników

Nie rozwiązałeś tego quizu